000 00605nam a2200205Ia 4500
003 OSt
005 20240831104658.0
008 210210b1996 xxu||||| |||| 00| 0 eng d
040 _cAL
041 _akan
082 _aK894.301 VIJB
100 _aVIJAYALAKSHMI (K M)
_9167366
_dವಿಜಯಲಕ್ಷ್ಮಿ (ಕೆ ಎಂ)
245 _aBhedavillada asegalu
_bಬೇಧವಿಲ್ಲದ ಆಸೆಗಳು
260 _aBengaluru
_bAnjana Prakashana
_c1996
300 _axvi,78
650 _aSanna kategalu
_9167367
690 _aKannada Fiction
_9167368
906 _a052071
942 _2ddc
_cBK
999 _c100566
_d100566